Türkiye'deki Turistik Yerler - Statistics

General Stats
  • This quiz has been taken 156 times
  • The average score is 14 of 20
Answer Stats
Picture Answer % Correct
Anıtkabir
98%
Kız Kulesi
95%
Galata Kulesi
93%
Ayasofya Camii
89%
Efes Antik Kenti
87%
Pamukkale
87%
Kapadokya
86%
Kapalı Çarşı
83%
Balıklıgöl
80%
Nemrut Dağı
80%
Yerebatan Sarnıcı
80%
Sümela Manastırı
77%
Göbeklitepe
75%
Dolmabahçe Sarayı
62%
Safranbolu
58%
Selimiye Camii
56%
Sultanahmet Camii
44%
Ortaköy Camii
38%
Aspendos Tiyatrosu
35%
Zeugma Antik Kenti
35%
No matching quizzes found
Score Distribution
Percent of People with Each Score
Percentile by Number Answered
Your Score History
You have not taken this quiz